Elementos de máquinas / (Record no. 58895)

MARC details
000 -LEADER
campo de control de longitud fija 00476nam a2200157 i 4500
001 - NÚMERO DE CONTROL
campo de control 58895
003 - IDENTIFICADOR DE NÚMERO DE CONTROL
campo de control ES-MaACL
007 - CAMPO FIJO DE DESCRIPCIÓN FÍSICA--INFORMACIÓN GENERAL
campo de control de longitud fija t|
008 - DATOS DE LONGITUD FIJA--INFORMACIÓN GENERAL
campo de control de longitud fija 031024s1970 xxr ||||1| spa d
245 00 - MENCIÓN DEL TÍTULO
Título Elementos de máquinas /
Mención de responsabilidad, etc. V. Dobrovolski...[et al.] ; [traducido del ruso por José Puig Torres].
260 ## - PUBLICACIÓN, DISTRIBUCIÓN, ETC.
Lugar de publicación, distribución, etc. Moscú :
Nombre del editor, distribuidor, etc. Mir,
Fecha de publicación, distribución, etc. 1970.
300 ## - DESCRIPCIÓN FÍSICA
Extensión 692 p. ;
Dimensiones 22 cm.
700 1# - ENTRADA AGREGADA--NOMBRE PERSONAL
Nombre de persona Dobrovolski, V.
9 (RLIN) 44946
700 1# - ENTRADA AGREGADA--NOMBRE PERSONAL
Nombre de persona Puig Torres, José.
9 (RLIN) 94284
852 ## - LOCALIZACIÓN
Ubicación ES-MaACL
Número de control de estantería E-6629
Sublocalización o colección R.90546
Holdings
Estatus retirado Estado de pérdida Estado de daño No para préstamo Biblioteca de origen Biblioteca actual Ubicación en estantería Fecha de adquisición Fuente de adquisición Total de préstamos Signatura topográfica completa Código de barras Visto por última vez Precio de reemplazo Tipo de ítem Koha
        Biblioteca del Ateneo de Madrid Biblioteca del Ateneo de Madrid Depósito 2 17/01/2008     E-6629 1061782 23/02/2023 23/02/2023 Libro impreso